000 00295nam a22001457a 4500
020 _a81-713-0305-6
082 _a894.812.3
_bBAS/S
100 _aBASHEER
245 _aSHINKIDIMUNKAN
260 _aKOTTAYAM
_bDC BOOKS
_c2015
300 _a140
520 _aNOVEL
650 _aNOVEL
942 _cBK
999 _c4720
_d4720